AK’s General Knowledge A-Z #89 - Statistics

General Stats
  • This quiz has been taken 212 times
  • The average score is 14 of 26
Answer Stats
Hint Answer % Correct
T – Grand _____ Auto, game where you can drive and shoot in Liberty City Theft
90%
G – CDG is for Charles de ______ Gaulle
88%
M – not Mayer or Goldwyn, but the Paris underground Metro
87%
N – was suspected of instigating the Great Fire of Rome to clear land for his planned “Golden House” Nero
84%
Y – an exclamation of disgust Yuck
83%
Z – the letter Z, when not “zee” Zed
79%
D – country in Africa that has the same name for country and capital city Djibouti
75%
E – the most central part of the mind (I or me in Latin) Ego
74%
Q – actor Dennis (The Parent Trap, Vantage Point) Quaid
68%
C – Sia's hit from 2014 that would be “Kronleuchter” in German Chandelier
64%
L – statesman and abolitionist who was born on the same day in 1809 as Charles Darwin Abraham Lincoln
56%
F – follows trust, precedes raise Fund
56%
X – a person who has a love of foreign people and culture Xenophile
56%
I – is “senkulpa” in Esperanto, or 13 Popes in history Innocent
51%
P – something thin and sharp, or (as an acronym) what most of us have had to memorize Pin
51%
S – Neptune’s moon named after one of the Nereids, or Portuguese word for “Saint” without the tilde Sao
50%
K – capital city 800 km (500 mi) east of Taj Mahal Kathmandu
49%
R – a type of motor racing event, or what the stocks can do after a decline in prices Rally
45%
B – former American football player, sports analyst and actor Jim, or 4-point ball in snooker Brown
43%
H – Bellingcat founder Eliot, Jack who wrote The Eagle Has Landed, or author Mary _______ Clark Higgins
33%
O – olives in Swedish, or singer Tree (“Miss You”, “Alien Boy”) Oliver
32%
W – region that united with Moldavia in 1859 to form the United Principalities, which later adopted the name Romania Wallachia
28%
A – largest city in the time zone UTC/GMT –9 hours Anchorage
21%
J – first name of Dutch chronobiology scientist Meijer, or author Spyri (1881 novel Heidi) Johanna
14%
V – capital of Castile and León in Spain Valladolid
14%
U – a superhero; the first tokusatsu hero launched by Tsuburaya Productions Ultraman
7%
No matching quizzes found
Score Distribution
Percent of People with Each Score
Percentile by Number Answered
Your Score History
You have not taken this quiz